Strategic management : (Record no. 27182)

MARC details
000 -LEADER
fixed length control field 01018cam a22003255a 4500
001 - CONTROL NUMBER
control field 18802014
005 - DATE AND TIME OF LATEST TRANSACTION
control field 20190220121322.0
008 - FIXED-LENGTH DATA ELEMENTS--GENERAL INFORMATION
fixed length control field 150929t2017 maua frbd 001 0 eng d
010 ## - LIBRARY OF CONGRESS CONTROL NUMBER
LC control number 2015953360
020 ## - INTERNATIONAL STANDARD BOOK NUMBER
International Standard Book Number 9781305502277
020 ## - INTERNATIONAL STANDARD BOOK NUMBER
International Standard Book Number 1305502272
040 ## - CATALOGING SOURCE
Original cataloging agency DLC
Language of cataloging eng
Transcribing agency DLC
Modifying agency EG-ScBUE
082 04 - DEWEY DECIMAL CLASSIFICATION NUMBER
Classification number 658.4012
Item number HIL
Edition number 22
100 1# - MAIN ENTRY--PERSONAL NAME
Personal name Hill, Charles W.
245 10 - TITLE STATEMENT
Title Strategic management :
Remainder of title an integrated approach : theory & cases /
Statement of responsibility, etc Charles W. L. Hill., Melissa A. Schilling, Gareth R. Jones.
250 ## - EDITION STATEMENT
Edition statement 12th ed.
260 ## - PUBLICATION, DISTRIBUTION, ETC. (IMPRINT)
Place of publication, distribution, etc Boston :
Name of publisher, distributor, etc Cengage,
Date of publication, distribution, etc c.2017.
263 ## - PROJECTED PUBLICATION DATE
Projected publication date 1512
300 ## - PHYSICAL DESCRIPTION
Extent 1 v. (various pagings) :
Other physical details ill. (col.) ;
Dimensions 24 cm.
504 ## - BIBLIOGRAPHY, ETC. NOTE
Bibliography, etc Includes bibliographical references and index.
650 #7 - SUBJECT ADDED ENTRY--TOPICAL TERM
Topical term or geographic name as entry element Strategic planning
Source of heading or term BUEsh
650 #7 - SUBJECT ADDED ENTRY--TOPICAL TERM
Topical term or geographic name as entry element Business planning
Source of heading or term BUEsh
650 #7 - SUBJECT ADDED ENTRY--TOPICAL TERM
Topical term or geographic name as entry element Industrial management
Source of heading or term BUEsh
651 ## - SUBJECT ADDED ENTRY--GEOGRAPHIC NAME
Source of heading or term BUEsh
653 ## - INDEX TERM--UNCONTROLLED
Resource For college BAEPS, Business Administration
Arrived date list February2019
655 ## - INDEX TERM--GENRE/FORM
Form subdivision Reading book
700 1# - ADDED ENTRY--PERSONAL NAME
Personal name Schilling, Melissa A.
700 1# - ADDED ENTRY--PERSONAL NAME
Personal name Jones, Gareth R.
942 ## - ADDED ENTRY ELEMENTS (KOHA)
Source of classification or shelving scheme Dewey Decimal Classification
Holdings
Withdrawn status Item status Source of classification or shelving scheme Damaged status Not for loan Vendor Home library Current library Shelving location Date acquired Source of acquisition Cost, normal purchase price Total Checkouts Full call number Barcode Date last seen Cost, replacement price Koha item type
    Dewey Decimal Classification     Baccah Central Library Central Library First floor 20/02/2019 Purchase 1100.00   658.4012 HIL 000044288 15/07/2025 1375.00 NB - Book (Non borrowing)
    Dewey Decimal Classification     Baccah Central Library Central Library First floor 20/02/2019 Purchase 1100.00   658.4012 HIL 000044289 04/12/2023 1375.00 Book - Borrowing